Archeological and historical resources of the Red River Basin /

Bibliographic Details
Main Author: Davis, Hester A., 1930-
Other Authors: Neuman, Robert W.
Format: Book
Language:English
Published: [Fayetteville?] : Arkansas Archeological Survey, 1970.
Series:Arkansas Archeological Survey research series ; no. 1.
Publications on archeology.
Subjects:

MARC

Tag First Indicator Second Indicator Subfields
LEADER 00000cam a2200000 a 4500
001 in00000073510
005 20151008053513.0
008 801107s1970 arua b s00010 engm
010 |a  77633171  
035 |a (OCoLC)07168846 
035 |9 AAH7650AM 
040 |a DLC  |c DLC  |d TXA  |d UtOrBLW 
043 |a n-us-ar  |a n-us-la  |a n-us-ok 
049 |a TXAM  |c [1406603] 
050 0 0 |a E99.C12  |b D4 
082 0 |a 976.6/6  |2 19 
100 1 |a Davis, Hester A.,  |d 1930- 
245 1 0 |a Archeological and historical resources of the Red River Basin /  |c Robert W. Neuman [and others] ; Hester A. Davis, editor. 
264 1 |a [Fayetteville?] :  |b Arkansas Archeological Survey,  |c 1970. 
300 |a ix, 194 pages :  |b illustrations ;  |c 28 cm. 
336 |a text  |b txt  |2 rdacontent 
337 |a unmediated  |b n  |2 rdamedia 
338 |a volume  |b nc  |2 rdacarrier 
490 1 |a Publications on archeology 
490 1 |a Research series / Arkansas Archeological Survey ;  |v no. 1 
504 |a Includes bibliographies. 
650 0 |a Caddo Indians  |x Antiquities. 
650 0 |a Indians of North America  |z Red River Valley (Tex.-La.)  |x Antiquities. 
650 0 |a Excavations (Archaeology)  |z Red River Valley (Tex.-La.) 
651 0 |a Red River Valley (Tex.-La.)  |x Antiquities. 
700 1 |a Neuman, Robert W. 
830 0 |a Arkansas Archeological Survey research series ;  |v no. 1. 
830 0 |a Publications on archeology. 
999 |a MARS 
999 f f |s a84b747d-7872-3a22-b78c-ede9c56caf97  |i 64fefcd0-a938-3fb0-8c67-2ff31c647b36  |t 0 
952 f f |p normal  |a Texas A&M University  |b College Station  |c Sterling C. Evans Library  |d Evans: Library Stacks  |t 0  |e E99.C12 D4  |h Library of Congress classification  |i unmediated -- volume  |m A14806104532 
998 f f |a E99.C12 D4  |t 0  |l Evans: Library Stacks